Enterprise restructuring and policies for competitiveness in the Czech Republic
Konkurencieschopnosť ekonomiky závisí od priemyselnej inovácie a výrobkov vysokej technológie, ako aj od správnej stratégie vládnej politiky. Úroveň produktivity v českom priemysle zaostáva za úrovňou EÚ. Dve základné alternatívy vývoja: vytvoriť úspešné podniky a vybudovať konkurencieschopnú ekonom...
Salvato in:
| Autore principale: | |
|---|---|
| Natura: | Capitolo di libro |
| Lingua: | inglese |
| Soggetti: | |
| Tags: |
Nessun Tag, puoi essere il primo ad aggiungerne!!
|
MARC
| LEADER | 00000naa a2200000 4500 | ||
|---|---|---|---|
| 001 | r030369 | ||
| 005 | 20230921122701.1 | ||
| 041 | 0 | |a eng | |
| 044 | |a SK | ||
| 245 | 1 | 0 | |a Enterprise restructuring and policies for competitiveness in the Czech Republic |c Martin Myant |
| 520 | |a Konkurencieschopnosť ekonomiky závisí od priemyselnej inovácie a výrobkov vysokej technológie, ako aj od správnej stratégie vládnej politiky. Úroveň produktivity v českom priemysle zaostáva za úrovňou EÚ. Dve základné alternatívy vývoja: vytvoriť úspešné podniky a vybudovať konkurencieschopnú ekonomiku alebo prijať úlohu subkontrahenta (dodávateľa výrobkov západným podnikom). Výsledky prieskumu v niektorých českých podnikoch v procese prežitia a obnovy. | ||
| 610 | 2 | 0 | |a reštrukturalizácia |
| 610 | 2 | 0 | |a konkurencieschopnosť |
| 610 | 2 | 0 | |a Česko |
| 610 | 2 | 0 | |a podnik |
| 610 | 2 | 0 | |a privatizácia |
| 100 | 1 | |a Myant, Martin | |